[Event "SVK-ch Amateurs"]
[Site "Liptovsky Jan"]
[Date "2023.06.16"]
[Round "4"]
[White "Srnak, Martin"]
[Black "Hegedus, Gabriel"]
[Result "1-0"]
[WhiteElo "1257"]
[BlackElo "1765"]
[PlyCount "99"]
[EventDate "2023.06.15"]
[EventType "swiss"]
[EventRounds "8"]
[EventCountry "SVK"]
[SourceTitle "CBM 214 Extra"]
[Source "ChessBase"]
[SourceDate "2023.07.31"]
[SourceVersion "1"]
[SourceVersionDate "2023.07.31"]
[SourceQuality "1"]

1. d4 Nf6 2. c4 d5 3. Nc3 e6 4. Bg5 Be7 5. Nf3 c6 6. e3 Nbd7 7. Be2 0-0 8. cxd5 cxd5 9. 0-0 Ne4 10. Nxe4 dxe4 11. Bxe7 Qxe7 12. Nd2 f5 13. Qb3 Nf6 14. Rac1 a5 15. Nc4 Nd5 16. Nb6 Nxb6 17. Qxb6 e5 18. d5 f4 19. d6 Qg5 20. Qb3+ Kh8 21. exf4 exf4 22. g3 f3 23. Bc4 Qg4 24. Rfe1 Qh3 25. Bf1 Qg4 26. Qd5 Bf5 27. Rc7 h5 28. h3 Qg6 29. h4 Rad8 30. d7 Qg4 31. Rxb7 Qg6 32. Qxa5 Bxd7 33. Rb6 Qg4 34. Qb4 Bf5 35. Rd6 Rb8 36. Qd4 Kh7 37. a4 Rb3 38. Re3 Rfb8 39. Rxb3 Rxb3 40. Rd5 Rb7 41. a5 g5 42. hxg5 h4 43. Qe5 Bg6 44. Qf4 Qxf4 45. gxf4 Rxb2 46. a6 Ra2 47. Rd7+ Kh8 48. a7 Be8 49. Rd8 Kg7 50. Rxe8 1-0

[Event "EU Amateur-ch"]
[Site "Ruzomberok"]
[Date "2016.06.10"]
[Round "7"]
[White "Hegedus, Gabriel"]
[Black "Burstein, Almog"]
[Result "1-0"]
[WhiteElo "1672"]
[BlackElo "1956"]
[PlyCount "101"]
[EventDate "2016.06.06"]
[EventType "swiss"]
[EventRounds "9"]
[EventCountry "SVK"]
[SourceTitle "CBM 172 Extra"]
[Source "ChessBase"]
[SourceDate "2016.06.21"]
[SourceVersion "1"]
[SourceVersionDate "2016.06.21"]
[SourceQuality "1"]

1. e4 e5 2. Nf3 Nc6 3. Bb5 a6 4. Bxc6 dxc6 5. 0-0 f6 6. d4 exd4 7. Qxd4 Qxd4 8. Nxd4 c5 9. Nb3 Bd7 10. Be3 b6 11. Nc3 0-0-0 12. a4 a5 13. Rfd1 Bc6 14. Rxd8+ Kxd8 15. f3 Bd6 16. Rd1 Kc8 17. Nb5 Bxb5 18. axb5 Ne7 19. Nd2 c6 20. Nc4 Bc7 21. bxc6 Nxc6 22. Nd6+ Kb8 23. Nb5 Rd8 24. Rxd8+ Nxd8 25. Kf2 Nf7 26. f4 Nd6 27. Nxd6 Bxd6 28. c4 Kb7 29. h4 b5 30. b3 bxc4 31. bxc4 a4 32. Bc1 Bc7 33. Ke2 Ba5 34. Bb2 Kc6 35. g4 h6 36. e5 Bd8 37. h5 Kd7 38. Kd3 Ke7 39. Ke4 Kf7 40. Kd5 fxe5 41. fxe5 Be7 42. Kc6 Ke6 43. Kb5 a3 44. Bxa3 Kxe5 45. Bxc5 Bd8 46. Bf8 Bf6 47. c5 Kf4 48. c6 Be5 49. Bxg7 Bc7 50. Bxh6+ Kxg4 51. Bf4 1-0

[Event "EU Amateur-ch"]
[Site "Ruzomberok"]
[Date "2016.06.10"]
[Round "6"]
[White "Jakab, Robert"]
[Black "Hegedus, Gabriel"]
[Result "1/2-1/2"]
[WhiteElo "1869"]
[BlackElo "1672"]
[PlyCount "80"]
[EventDate "2016.06.06"]
[EventType "swiss"]
[EventRounds "9"]
[EventCountry "SVK"]
[SourceTitle "CBM 172 Extra"]
[Source "ChessBase"]
[SourceDate "2016.06.21"]
[SourceVersion "1"]
[SourceVersionDate "2016.06.21"]
[SourceQuality "1"]

1. e4 d6 2. d4 Nf6 3. Nc3 g6 4. Be2 Bg7 5. Be3 c6 6. h4 h5 7. f3 Qc7 8. Qd2 Nbd7 9. 0-0-0 b5 10. Nh3 Nb6 11. Nf4 Nc4 12. Bxc4 bxc4 13. e5 dxe5 14. dxe5 Nd7 15. e6 Nf6 16. exf7+ Kxf7 17. Rhe1 Bf5 18. Qe2 Rhe8 19. Qxc4+ e6 20. Rd2 Bh6 21. Nd3 Bxe3 22. Rxe3 Nd5 23. Ne5+ Kg8 24. Re1 g5 25. hxg5 Qg7 26. Qh4 Bg6 27. Ne4 Reb8 28. Nf6+ Kf8 29. Ned7+ Kf7 30. Nxb8 Rxb8 31. c4 Nxf6 32. gxf6 Qh6 33. f4 Rb7 34. g4 Qxf4 35. Qf2 Qxg4 36. b3 Qxc4+ 37. Kb2 a5 38. Rd4 Qb5 39. Qe3 Qf5 40. Rc1 Qxf6 1/2-1/2

[Event "EU Amateur-ch"]
[Site "Ruzomberok"]
[Date "2016.06.06"]
[Round "1"]
[White "Hegedus, Gabriel"]
[Black "Mocary, Metod"]
[Result "1-0"]
[WhiteElo "1672"]
[BlackElo "1847"]
[PlyCount "81"]
[EventDate "2016.06.06"]
[EventType "swiss"]
[EventRounds "9"]
[EventCountry "SVK"]
[SourceTitle "CBM 172 Extra"]
[Source "ChessBase"]
[SourceDate "2016.06.21"]
[SourceVersion "1"]
[SourceVersionDate "2016.06.21"]
[SourceQuality "1"]

1. e4 c5 2. Nf3 d6 3. d4 cxd4 4. Nxd4 e5 5. Nb3 a6 6. Nc3 Nf6 7. Bc4 b5 8. Bd5 Nxd5 9. Qxd5 Ra7 10. Be3 Be6 11. Qd3 Rb7 12. Rd1 Nc6 13. Nd5 Bxd5 14. Qxd5 Qc7 15. c3 Be7 16. 0-0 0-0 17. f4 a5 18. Nd2 Kh8 19. fxe5 Nxe5 20. Nf3 Nc4 21. Bd4 Nxb2 22. Rd2 Nc4 23. Rdf2 b4 24. cxb4 Rxb4 25. Rc1 f6 26. Rfc2 Rc8 27. Nd2 f5 28. Rxc4 Rxc4 29. Rxc4 Qb8 30. Rxc8+ Qxc8 31. Qf7 Bf8 32. Qxf5 Qc1+ 33. Nf1 Kg8 34. Qe6+ Kh8 35. Qf7 Qc8 36. h4 h6 37. Ne3 Kh7 38. Kh2 Qb8 39. Nf5 d5+ 40. g3 Qb1 41. Qxf8 1-0

[Event "SVK-chT2C 1314"]
[Site "Slovakia"]
[Date "2014.02.23"]
[Round "9.8"]
[White "Korencik, Jaroslav"]
[Black "Hegedus, Gabriel"]
[Result "0-1"]
[WhiteElo "1677"]
[BlackElo "1480"]
[PlyCount "83"]
[EventDate "2013.10.19"]
[EventType "team-tourn"]
[EventRounds "11"]
[EventCountry "SVK"]
[SourceTitle "EXT 2015"]
[Source "ChessBase"]
[SourceDate "2014.11.20"]
[SourceVersion "1"]
[SourceVersionDate "2014.11.20"]
[SourceQuality "1"]
[WhiteTeam "Zilina Mladost II"]
[BlackTeam "Cebovce"]
[WhiteTeamCountry "SVK"]
[BlackTeamCountry "SVK"]

1. e4 e5 2. Bc4 Nf6 3. d3 Bc5 4. h3 c6 5. Nf3 d5 6. exd5 cxd5 7. Bb3 Nc6 8. Bg5 Be6 9. Nc3 b5 10. 0-0 a6 11. Qe2 Qd6 12. Rfe1 Nd7 13. a3 f6 14. Bd2 Nd4 15. Nxd4 Bxd4 16. Rab1 0-0 17. Nd1 a5 18. c3 Bb6 19. Be3 d4 20. Bxe6+ Qxe6 21. cxd4 exd4 22. Bf4 Qxe2 23. Rxe2 Rfe8 24. Kf1 Rxe2 25. Kxe2 Re8+ 26. Kf3 Nc5 27. b4 Nxd3 28. bxa5 Bxa5 29. Rxb5 Bc3 30. Rb8 Ne1+ 31. Kg3 Rxb8 32. Bxb8 Kf7 33. f3 g5 34. a4 Ke6 35. Bc7 Nd3 36. Nf2 Be1 37. a5 Bxf2+ 38. Kg4 Ne5+ 39. Kh5 d3 40. Bb6 d2 41. Bxf2 d1Q 42. a6 0-1